000
00257nam a2200097Ia 4500
001
1049233
005
20250826232309.0
008
250824s9999 xx 000 0 und d
245
0
_a
KÜLLER ALTINDA YAKIN TARİH
_c
MUSTAFA ARMAĞAN
260
_b
KETEBE YAYINLARI
999
_c
1049233
_d
1049233